Jefferson's Pen: The Art of Persuasion

Bibliographic Details
Main Author: Rizer, Arthur
Format: eBook
Language:English
Published: Chicago: American Bar Association, 2016
Subjects:
Online Access:Acceso restringido

MARC

LEADER 00000nam a22000007a 4500
005 20210225205453.0
007 cr|||| ||||
008 210225s2016 us |||||s|||| 00||0 eng d
020 |a 9781634253901 
035 |a 31277 
040 |a vLex 
090 |c 11274  |d 11274 
100 1 |a Rizer, Arthur 
245 1 0 |a Jefferson's Pen: The Art of Persuasion  |h [Recurso electrn̤ico] /  |c Arthur Rizer 
256 |a Servicio en ln̕ea 
260 |a Chicago:  |b American Bar Association,  |c 2016 
300 |a 1 recurso electrn̤ico 
500 |a Jefferson's Pen: The Art of Persuasion examines the life and career of Thomas Jefferson, arguably one of America's most celebrated, if not controversial, Founding Fathers through the lens of his powerful rhetoric. 
506 1 |a Disponible solo en los productos indicados  |d vLex Global  |d vLex Global (Academic Edition, excluding Law Schools)  |d vLex Global (Academic Edition, Law Schools) 
650 0 4 |a Derecho Militar  |z Estados Unidos 
740 0 |a vLex Libros (Servicio en ln̕ea) 
856 4 0 |u http://vlex.com/source/jefferson-s-pen-the-art-of-persuasion-31277  |z Acceso restringido 
942 |c BOOK 
999 0 |a Military Law